Taxes and Their Influence on Financial Direct Investments Inflow

Zhodnotenie pozitívnych aspektov daňovej reformy v Slovenskej republike v oblasti priamych zahraničných investícií. Súhrn kľúčových motivácií investorov. Konkurečná pozícia v SR. Vplyv daňového zaťaženia.

Salvato in:
Dettagli Bibliografici
Autore principale: Kudlová, Zuzana, 1986-
Natura: Capitolo di libro
Lingua:inglese
Soggetti:
Tags: Aggiungi Tag
Nessun Tag, puoi essere il primo ad aggiungerne!!

MARC

LEADER 00000nla a2200000 4500
001 0240483
005 20240502073916.7
041 0 |a eng 
044 |a SK 
245 1 0 |a Taxes and Their Influence on Financial Direct Investments Inflow  |c Zuzana Kudlová 
520 |a Zhodnotenie pozitívnych aspektov daňovej reformy v Slovenskej republike v oblasti priamych zahraničných investícií. Súhrn kľúčových motivácií investorov. Konkurečná pozícia v SR. Vplyv daňového zaťaženia. 
610 2 0 |a investície priame zahraničné 
610 2 0 |a investovanie 
610 2 0 |a dane 
610 2 0 |a zaťaženie daňové 
100 1 |a Kudlová, Zuzana, 1986-